| 000 | 01801cam a2200361 i 4500 | ||
|---|---|---|---|
| 001 | 19011209 | ||
| 003 | OSt | ||
| 005 | 20220218143433.0 | ||
| 008 | 160311s2017 cauab b 001 0 eng | ||
| 010 | _a 2016004901 | ||
| 020 | _a9781568029245 (pbk. : alk. paper) | ||
| 040 |
_aDLC _beng _cDLC _erda _dDLC |
||
| 042 | _apcc | ||
| 050 | 0 | 0 |
_aJZ4850 .G87 _b2017 |
| 082 | 0 | 0 |
_a341.2 _223 |
| 100 | 1 |
_aGutner, Tamar L., _eauthor. |
|
| 245 | 1 | 0 |
_aInternational organizations in world politics / _cTamar Gutner, American University. |
| 264 | 1 |
_aLos Angeles : _bSAGE/ CQ Press, _c[2017] |
|
| 300 |
_axii, 287 pages : _billustrations, maps ; _c23 cm |
||
| 336 |
_atext _btxt _2rdacontent |
||
| 337 |
_aunmediated _bn _2rdamedia |
||
| 338 |
_avolume _bnc _2rdacarrier |
||
| 500 | _aIntroduction -- Intellectual context : the evolution of IO theory -- United Nations -- United Nations case study : Rwanda/genocide -- The World Bank -- World Bank case study : environmental behavior and performance -- The International Monetary Fund -- International Monetary Fund case study : the IMF and the global financial crisis -- The World Trade Organization -- World Trade Organization case study : intellectual property, trade, and access to medicine -- Regional organizations/European Union -- Regional organizations case study : African Union peace operations. | ||
| 504 | _aIncludes bibliographical references and index. | ||
| 610 | 2 | 0 | _aUnited Nations. |
| 610 | 2 | 0 | _aWorld Bank. |
| 610 | 2 | 0 | _aInternational Monetary Fund. |
| 610 | 2 | 0 | _aWorld Trade Organization. |
| 650 | 0 | _aInternational agencies. | |
| 906 |
_a7 _bcbc _corignew _d1 _eecip _f20 _gy-gencatlg |
||
| 942 |
_2lcc _cBK |
||
| 999 |
_c8725 _d16225 |
||